| 000 | 00650cam a2200229 4500500 | ||
|---|---|---|---|
| 005 | 20260405003711.0 | ||
| 041 | _afre | ||
| 042 | _adc | ||
| 100 | 1 | 0 |
_aDurand, Jean-Marie _eauthor |
| 245 | 0 | 0 | _aNoémie Lvovsky. La vie ne lui fait pas peur |
| 260 | _c2023. | ||
| 500 | _a74 | ||
| 690 | _aActrice | ||
| 690 | _aArnaud Desplechin | ||
| 690 | _aCinéma | ||
| 690 | _aFemme | ||
| 690 | _aFilm | ||
| 690 | _aHumour | ||
| 690 | _aPopulaire | ||
| 786 | 0 | _nPhilosophie magazine | 169 | 5 | 2023-05-01 | p. 78-78 | 1951-1787 | |
| 856 | 4 | 1 | _uhttps://shs.cairn.info/magazine-philosophie-magazine-2023-5-page-78?lang=fr&redirect-ssocas=7080 |
| 999 |
_c2069985 _d2069985 |
||